| 000 | 00504cab a2200193 4500 | ||
|---|---|---|---|
| 001 | X1857 | ||
| 008 | 090401t1995 xxu||||| |||| 00| 0 eng d | ||
| 035 | _a(Sirsi) u19958 | ||
| 041 | _aeng | ||
| 245 | _aMembers` affairs: rural practice | ||
| 260 | _c1995 | ||
| 350 | _a0 | ||
| 490 |
_aCSM (Chartered Surveyor Monthly) _v4(3) January 1995, 60(1) |
||
| 650 |
_aAPC _96216 |
||
| 650 | _aLIBRARY | ||
| 690 | _aMANAGEMENT-BUSINESS MANAGEMENT-PROFESSIONAL PRACTICE | ||
| 942 | _n0 | ||
| 948 | _c04/03/1997 | ||
| 999 |
_c13374 _d13374 |
||